000
00246nam a22001217a 4500
082
_a
891.4393
100
_a
Bano Qudsia
245
_a
Bazgasht
260
_a
Lahore
_b
sang e Meel
_c
2011.
300
_a
299.p ;
500
_a
Hardcover.
942
_c
BK
999
_c
33101
_d
33101